1757 1440 1769 1746 1655 1234 1113 1042 1800 1376 1707 1972 1780 1093 1997 1999 1759 1034 1045 1678 1507 1237 1475 1713 1594 1705 1787 1544 1568 1350 1573 1318 1787 1860 1133 1532 1450 1260 1050 1199 1061 1944 1580 1414 1124 1712 1112 1029 1383 1731 1427 1156 1033 1802 1388 1727 1906 1297 1158 1633 1476 1982 1375 1487 1900 1274 1481 1204 1847 1598 1007 1685 1996 1399 1695 1437 1377 1758 1429 1511 1463 1656 1216 1459 1866 1298 1381 1787 1967 1531 1218 1831 1386 1349 1834 1145 1646 1241 1662 BCNSPRNW ULIB Ver.6.0+V

เปลี่ยนเป็นภาษาไทย

Change to English
 แสดงรายละเอียดบรรณานุกรม
  กลับหน้าหลัก

Brief Record : Get Marc (ISO 2709) : E-mail record : QR code < ปิดหน้าต่าง
LEADER : 00000nam 2200000uu 4500
001    13399120137
003     ULIB
008    120905s2548||||th 000 0 tha d
020    ^a9744655445
020    ^a9789744655448
060 04 ^aWA292^bอ829ก 2548
100 0  ^aอุ่นใจ เครือสถิตย์
245 10 ^aการยกการเคลื่อนย้ายผู้บาดเจ็บและเจ็บป่วยฉุกเฉิน /^cอุ่นใจเครือสถิตย์
250    ^aพิมพ์ครั้งที่ 1
260    ^aขอนแก่น :^bภาควิชาเวชกิจฉุกเฉินวิทยาลัยการสาธารณสุขสิรินธร,^c2548
300    ^a75 หน้า :^bภาพประกอบ ;^c21 ซม.
650  7 ^aการเคลื่อนย้ายผู้ป่วยและบาดเจ็บ
650  7 ^aภาวะฉุกเฉิน
650  7 ^aปฐมพยาบาล
710 2  ^aวิทยาลัยการสาธารณสุขสิรินธร. ^bภาควิชาเวชกิจฉุกเฉิน
945    ^p110^l0^i19477
995    ^aวิภา
999 ^a ใช้งานได้ทุกระบบ
รายการนี้ยังไม่มีแท็ก
คุณยังไม่ได้ล็อกอิน คุณสามารถมีกิจกรรมร่วมกับเว็บไซต์ได้ แต่ต้องล็อกอินก่อน ::
  ล็อกอิน

รายการสื่อสารสนเทศ

ลำดับที่ ประเภท เลขเรียก/บาร์โค้ด สถานที่ สถานะ
- ไม่พบข้อมูล -

รายการใกล้เคียง
    ผู้แต่ง [อุ่นใจ เครือสถิตย์]

    หัวเรื่อง [การเคลื่อนย้ายผู้ป่วยและบาดเจ็บ]
    หัวเรื่อง [ภาวะฉุกเฉิน]
    หัวเรื่อง [ปฐมพยาบาล]

BibComment


ยังไม่เคยถูกคอมเมนท์

คอมเมนท์ทรัพยากรรายการนี้
  คอมเมนท์: การยกการเคลื่อนย..


 Copyright 2026. Bcnsprnw @Library